7 days 15 seconds - Statistics

General Stats
  • This quiz has been taken 141 times
  • The average score is 6 of 7
Answer Stats
Hint Answer % Correct
1 Monday
100%
2 Tuesday
94%
3 Wednesday
88%
5 Friday
81%
4 Thursday
79%
7 Sunday
65%
6 Saturday
62%
No matching quizzes found
Score Distribution
Percent of People with Each Score
Percentile by Number Answered
Your Score History
You have not taken this quiz